Countries With Highest & Lowest Median Age - Statistics

General Stats
  • This quiz has been taken 18 times
  • The average score is 39 of 50
Answer Stats
Median Age Country % Correct
49.5 Japan
100%
14.6 Niger
100%
17.4 Nigeria
100%
18.2 Guinea
94%
48.1 Italy
94%
18.2 Senegal
94%
15.3 Somalia
94%
45.3 Spain
94%
17.7 Benin
88%
15.2 Chad
88%
45.0 Germany
88%
18.5 Liberia
88%
15.4 Mali
88%
46.2 Portugal
88%
16.5 Uganda
88%
45.1 Bulgaria
81%
44.4 Croatia
81%
43.0 Finland
81%
45.8 Greece
81%
17.5 Malawi
81%
54.0 Monaco
81%
17.1 Mozambique
81%
43.4 Serbia
81%
44.3 Slovenia
81%
45.1 South Korea
81%
44.0 Ukraine
81%
43.4 Austria
75%
17.8 Cameroon
75%
14.9 Central African Republic
75%
17.4 Gambia
75%
44.2 Latvia
75%
44.5 Liechtenstein
75%
44.3 Lithuania
75%
18.1 Mauritania
75%
47.7 San Marino
75%
17.1 South Sudan
75%
42.6 Switzerland
75%
17.2 Tanzania
75%
44.1 Andorra
69%
16.4 Angola
69%
17.0 Burkina Faso
69%
16.2 Burundi
69%
43.4 Czechia
69%
18.1 Ivory Coast
69%
56.5 Vatican City
69%
17.4 Zambia
63%
17.2 Afghanistan
56%
43.0 Taiwan
56%
43.3 Singapore
50%
15.6 Democratic Republic of Congo
13%
No matching quizzes found
Score Distribution
Percent of People with Each Score
Percentile by Number Answered
Your Score History
You have not taken this quiz